Etika islam dijalan raya

Saved in:
Bibliographic Details
Other Authors: Muhammad Shahid Talib
Format: Book
Published: Batu Caves,Selangor Pustaka Ilmi 1997
Subjects:
Tags: Add Tag
No Tags, Be the first to tag this record!
Call Number :BP 190.5T3 E84 1997

MARC

LEADER 00000pam a2200000 4500
001 35750
003 MY-KLNDU
005 20241218090818.0
020 0 0 |a 9839888854 
035 |a 0000023522 
039 9 |y 200910091606  |z VLOAD 
090 0 0 |a BP 190.5T3  |b E84 1997 
245 1 0 |a Etika islam dijalan raya  |c susunan Haji. Muhammad Shahid Talib 
260 0 0 |a Batu Caves,Selangor  |b Pustaka Ilmi  |c 1997 
300 |a ix,50p.  |c 22cm 
650 0 0 |a Travel  |x religious aspects  |x islam 
700 0 1 |a Muhammad Shahid Talib 
999 |a vtls000025400  |c 35750  |d 35750